<?xml version="1.0" encoding="UTF-8"?>
<record
    xmlns:xsi="http://www.w3.org/2001/XMLSchema-instance"
    xsi:schemaLocation="http://www.loc.gov/MARC21/slim http://www.loc.gov/standards/marcxml/schema/MARC21slim.xsd"
    xmlns="http://www.loc.gov/MARC21/slim">

  <leader>01171nam a22002297a 4500</leader>
  <datafield tag="999" ind1=" " ind2=" ">
    <subfield code="c">1569</subfield>
    <subfield code="d">1569</subfield>
  </datafield>
  <controlfield tag="003">AR-CdUCM</controlfield>
  <controlfield tag="008">190227b           ||||| |||| 00| 0 spa d</controlfield>
  <datafield tag="040" ind1=" " ind2=" ">
    <subfield code="a">MUNICIPALIDAD PROVINCIAL DEL CUSCO</subfield>
    <subfield code="c">BIBLIOTECA MUNICIPAL DEL CUSCO</subfield>
  </datafield>
  <datafield tag="082" ind1=" " ind2=" ">
    <subfield code="a">985.61 /</subfield>
    <subfield code="b">V66</subfield>
  </datafield>
  <datafield tag="100" ind1=" " ind2=" ">
    <subfield code="a">Villanueva Urteaga, Horacio</subfield>
  </datafield>
  <datafield tag="245" ind1=" " ind2=" ">
    <subfield code="a">Cuzco :</subfield>
    <subfield code="b">poder y aguas /</subfield>
  </datafield>
  <datafield tag="260" ind1=" " ind2=" ">
    <subfield code="a">Cusco :</subfield>
    <subfield code="b">Centro Bartolome de las Casas</subfield>
  </datafield>
  <datafield tag="300" ind1=" " ind2=" ">
    <subfield code="a">153 p&#xE1;ginas ;</subfield>
    <subfield code="c">20.5 cm.</subfield>
  </datafield>
  <datafield tag="440" ind1=" " ind2=" ">
    <subfield code="a">Archivos de historia andina </subfield>
    <subfield code="n">1</subfield>
    <subfield code="9">5881</subfield>
  </datafield>
  <datafield tag="505" ind1=" " ind2=" ">
    <subfield code="a">La repartici&#xF3;n de las aguas del Cuzco de 1659 -- Distribuci&#xF3;n de las aguas de tanda de la ciudad con espresion de las sequias meses, y dias en que se distribuye; con arreglo a lo que se tiene mandado en los libros de cabildo (a&#xF1;o 1842) -- Petici&#xF3;n para el riego de las tierras de tiobamba (1626) -- Exp.te promovido por D. Rosa Siancas, sobre que el juez de aguas le suspendi&#xF3; los d&#xED;as de tanda, que la pertenecian p.a el riego de su haz.a Cari y Miraale (a&#xF1;o 1801) ...</subfield>
  </datafield>
  <datafield tag="650" ind1=" " ind2=" ">
    <subfield code="a">1659</subfield>
    <subfield code="9">5882</subfield>
  </datafield>
  <datafield tag="650" ind1=" " ind2=" ">
    <subfield code="a">Irrigaci&#xF3;n</subfield>
    <subfield code="9">5883</subfield>
  </datafield>
  <datafield tag="650" ind1=" " ind2=" ">
    <subfield code="a">Imperio inca</subfield>
    <subfield code="9">770</subfield>
  </datafield>
  <datafield tag="700" ind1=" " ind2=" ">
    <subfield code="a">Sherbondy, Jeanette</subfield>
    <subfield code="9">5884</subfield>
  </datafield>
  <datafield tag="942" ind1=" " ind2=" ">
    <subfield code="2">ddc</subfield>
    <subfield code="c">LIBROS</subfield>
  </datafield>
  <datafield tag="945" ind1=" " ind2=" ">
    <subfield code="a">afb</subfield>
    <subfield code="d">2019-02-27</subfield>
  </datafield>
  <datafield tag="952" ind1=" " ind2=" ">
    <subfield code="0">0</subfield>
    <subfield code="2">ddc</subfield>
    <subfield code="4">0</subfield>
    <subfield code="7">0</subfield>
    <subfield code="a">SH</subfield>
    <subfield code="b">SH</subfield>
    <subfield code="c">CART</subfield>
    <subfield code="d">2019-02-27</subfield>
    <subfield code="g">17.00</subfield>
    <subfield code="o">985.61 / V66P</subfield>
    <subfield code="p">SH0000001723</subfield>
    <subfield code="r">2019-02-27</subfield>
    <subfield code="y">LIBROS</subfield>
  </datafield>
  <datafield tag="952" ind1=" " ind2=" ">
    <subfield code="0">0</subfield>
    <subfield code="2">ddc</subfield>
    <subfield code="4">0</subfield>
    <subfield code="7">0</subfield>
    <subfield code="a">SH</subfield>
    <subfield code="b">SH</subfield>
    <subfield code="c">CART</subfield>
    <subfield code="d">2019-02-28</subfield>
    <subfield code="g">17.00</subfield>
    <subfield code="o">985.61 / V66P /e.2</subfield>
    <subfield code="p">SH0000002141</subfield>
    <subfield code="r">2019-02-28</subfield>
    <subfield code="y">LIBROS</subfield>
  </datafield>
</record>
